000 00541nam a2200229Ia 4500
005 20250425160645.0
008 250425s9999 xx 000 0 und d
020 _a9684222831
041 _aspa
082 _a658
100 _aKOONTZ, HAROLD
245 0 _aELEMENTOS DE ADMINISTRACION
250 _a5A ED.
260 _aMEXICO
260 _aMéxico
_bMcGraw-Hill
_c1991
300 _a565
650 _aADMINISTRACION FINANCIERA
650 _aINVERSIONES DE CAPITAL
650 _aMACROECONOMIA
942 _c01
010 _a1459
999 _c193536
_d193536